Synthetic anticonvulsants, antihypoxics, and liver monooxygenase system inducers based on amides and urea; VI; Synthesis and search for liver monooxygenase system inducers among compounds containing the benzhydryl group; Pharmaceutical Chemistry Journal; Vol. 27, iss. 4

מידע ביבליוגרפי
Parent link:Pharmaceutical Chemistry Journal
Vol. 27, iss. 4.— 1993.— [P. 260-262]
מחברים אחרים: Bakibaev A. A. Abdigali Abdimanapovich, Achmedshanow R. R. Rafik Rawiliewich, Novozheeva T. P., Tignibidina L. G., Filimonov V. D. Viktor Dmitrievich, Saratikov A. S., Shtrykova V. V. Viktoriya Viktorovna
סיכום:Title screen
Режим доступа: по договору с организацией-держателем ресурса
שפה:אנגלית
יצא לאור: 1993
נושאים:
גישה מקוונת:http://dx.doi.org/10.1007/BF00810977
פורמט: MixedMaterials אלקטרוני Book Chapter
KOHA link:https://koha.lib.tpu.ru/cgi-bin/koha/opac-detail.pl?biblionumber=653848

MARC

LEADER 00000naa0a2200000 4500
001 653848
005 20250228140016.0
035 |a (RuTPU)RU\TPU\network\19363 
035 |a RU\TPU\network\19361 
090 |a 653848 
100 |a 20170331d1993 k||y0rusy50 ba 
101 0 |a eng 
102 |a US 
135 |a drcn ---uucaa 
181 0 |a i  
182 0 |a b 
200 1 |a Synthetic anticonvulsants, antihypoxics, and liver monooxygenase system inducers based on amides and urea  |h VI  |i Synthesis and search for liver monooxygenase system inducers among compounds containing the benzhydryl group  |f A. A. Bakibaev [et al.] 
203 |a Text  |c electronic 
300 |a Title screen 
320 |a [References: 10 tit.] 
333 |a Режим доступа: по договору с организацией-держателем ресурса 
461 |t Pharmaceutical Chemistry Journal 
463 |t Vol. 27, iss. 4  |v [P. 260-262]  |d 1993 
610 1 |a электронный ресурс 
610 1 |a труды учёных ТПУ 
610 1 |a гетероциклические соединения 
610 1 |a мочевина 
610 1 |a синтез 
610 1 |a печень 
701 1 |a Bakibaev  |b A. A.  |c Russian chemist  |c Professor of TPU, doctor of chemical sciences  |f 1960-  |g Abdigali Abdimanapovich 
701 1 |a Achmedshanow  |b R. R.  |c Fachmann auf dem Gebiet der Ökologie und Lebenssicherheit  |c Professor der Polytechnischen Universität Tomsk, Doktor der biologischen Wissenschafte  |f 1964-  |g Rafik Rawiliewich  |3 (RuTPU)RU\TPU\pers\32824 
701 1 |a Novozheeva  |b T. P. 
701 1 |a Tignibidina  |b L. G. 
701 1 |a Filimonov  |b V. D.  |c Russian chemist  |c Professor of the TPU  |f 1945-  |g Viktor Dmitrievich  |3 (RuTPU)RU\TPU\pers\26423  |9 12127 
701 1 |a Saratikov  |b A. S. 
701 1 |a Shtrykova  |b V. V.  |c chemist  |c Associate professor of Tomsk Polytechnic University, Candidate of chemical sciences  |f 1962-  |g Viktoriya Viktorovna  |3 (RuTPU)RU\TPU\pers\31887  |9 15959 
801 2 |a RU  |b 63413507  |c 20170331  |g RCR 
856 4 |u http://dx.doi.org/10.1007/BF00810977 
942 |c CF